Развитие теории и методологии анализа электроэнергетических систем для управления установившимися режимами: автореферат диссертации на соискание ученой степени доктора технических наук; спец. 05.14.02

Bibliographische Detailangaben
1. Verfasser: Русина А. Г. Анастасия Георгиевна
Körperschaft: Новосибирский государственный технический университет (НГТУ)
Weitere Verfasser: Мисриханов М. Ш. Мисрихан Шапиевич (научный консультант)
Zusammenfassung:Защита сост. 26.06.2013 г.
Sprache:Russisch
Veröffentlicht: Томск, 2013
Schlagworte:
Format: MixedMaterials Buch
KOHA link:https://koha.lib.tpu.ru/cgi-bin/koha/opac-detail.pl?biblionumber=241164

MARC

LEADER 00000nam0a2200000 4500
001 241164
005 20231101231809.0
035 |a (RuTPU)RU\TPU\book\262430 
090 |a 241164 
100 |a 20130703d2013 k y0rusy50 ca 
101 0 |a rus 
102 |a RU 
105 |a a dm 001zy 
200 1 |a Развитие теории и методологии анализа электроэнергетических систем для управления установившимися режимами  |e автореферат диссертации на соискание ученой степени доктора технических наук  |e спец. 05.14.02  |f А. Г. Русина  |g Новосибирский государственный технический университет (НГТУ) ; науч. конс. М. Ш. Мисриханов 
210 |a Томск  |d 2013 
215 |a 40 с.  |c ил. 
300 |a Защита сост. 26.06.2013 г. 
320 |a Библиогр.: с. 35-40 (47 назв.). 
452 1 |0 (RuTPU)RU\TPU\book\258919  |t Развитие теории и методологии анализа электроэнергетических систем для управления установившимися режимами  |o автореферат диссертации на соискание ученой степени доктора технических наук  |o спец. 05.14.02  |f А. Г. Русина   |g Новосибирский государственный технический университет (НГТУ) ; науч. конс. М. Ш. Мисриханов  |c Томск  |d 2013  |a Русина , Анастасия Георгиевна 
606 1 |a Электроэнергетические системы  |x Режимы работы  |2 stltpush  |3 (RuTPU)RU\TPU\subj\21054  |9 46102 
610 1 |a управление 
610 1 |a планирование 
610 1 |a анализ 
610 1 |a адресные расчеты 
610 1 |a электрические системы 
610 1 |a нормальный режим 
610 1 |a электрические сети 
610 1 |a интегральные системы 
610 1 |a прогноз 
610 1 |a конструирование 
610 1 |a модели 
610 1 |a электропотребление 
610 1 |a авторефераты диссертаций 
675 |a 621.311.004.13(04)  |v 3 
686 |a 05.14.02  |2 oksvnk 
700 1 |a Русина  |b А. Г.  |c специалист в области энергетики  |c профессор Томского политехнического университета, доктор технических наук  |f 1981-  |g Анастасия Георгиевна  |2 stltpush  |3 (RuTPU)RU\TPU\pers\31861 
702 1 |a Мисриханов  |b М. Ш.  |g Мисрихан Шапиевич  |4 695 
712 0 2 |a Новосибирский государственный технический университет (НГТУ)  |c (1992- )  |2 stltpush  |3 (RuTPU)RU\TPU\col\36 
801 1 |a RU  |b 63413507  |c 20130703 
801 2 |a RU  |b 63413507  |c 20150518  |g RCR 
942 |c BK